| 000 | 00763 a2200205 4500 | ||
|---|---|---|---|
| 003 | Nust | ||
| 005 | 20220803100628.0 | ||
| 010 | _a 94020840 | ||
| 020 | _a0827349203 | ||
| 020 | _a0827349211 (instructor's guide) | ||
| 040 | _cNust | ||
| 082 | 0 | 0 | _a621.314,MOT |
| 245 | 0 | 0 |
_aMotors, Generators, and Transformers / _cAVO International Training Institute. |
| 260 |
_aAlbany, N.Y. : _bDelmar Publishers, _cc1995. |
||
| 300 |
_avi, 482 p. : _bill. ; _c24 cm. |
||
| 505 | _aPart-1: Fundamentals (Page-1), Part-2: AC Generators (Page-29), Part-3: AC Motors (Page-109), Part-4: DC Machines (Page-227), Part-5: Transformers (Page-313). | ||
| 650 | 0 | _aTelecommunication Engineering. | |
| 710 | 2 |
_aAVO International Training Institute. _983614 |
|
| 942 |
_2ddc _cREF |
||
| 999 |
_c179108 _d179108 |
||